| 000 | 00502nam a2200181Ia 4500 | ||
|---|---|---|---|
| 008 | 240925s9999 xx 000 0 und d | ||
| 020 | _a9789332571839 | ||
| 082 | _a378.166205 TRI | ||
| 100 | _aTrishna, Knowledge System | ||
| 245 | 0 | _aGATE 2017: electronics and communication engineering | |
| 250 | _aNA | ||
| 260 |
_aNew Delhi: _bPearson Education _c,2016. |
||
| 300 |
_a408p. _b0 _fOriginal |
||
| 500 | _aIncludes Index | ||
| 600 | _aSocial Sciences | ||
| 650 | _aSocial Sciences | ||
| 942 | _cBK | ||
| 999 |
_c13847 _d13847 |
||